Masculinities and culture / (Record no. 34798)
[ view plain ]
| 000 -LEADER | |
|---|---|
| fixed length control field | 00978nam a2200313 4500 |
| 001 - CONTROL NUMBER | |
| control field | 34798 |
| 003 - CONTROL NUMBER IDENTIFIER | |
| rucl marc code | BD-RjUL |
| 005 - DATE AND TIME OF LATEST TRANSACTION | |
| control field | 20211209052219.0 |
| 008 - FIXED-LENGTH DATA ELEMENTS--GENERAL INFORMATION | |
| fixed length control field | 140519s2002 pau b 001 0 eng |
| 020 ## - INTERNATIONAL STANDARD BOOK NUMBER | |
| International Standard Book Number | 0335199887 |
| International Standard Book Number | 0335199895 (alk. paper) |
| 035 ## - SYSTEM CONTROL NUMBER | |
| System control number | (BD-RjUL)34892 |
| 040 ## - CATALOGING SOURCE | |
| Original cataloging agency | DLC |
| Transcribing agency | DLC |
| Modifying agency | DLC |
| -- | BD-RjUL |
| Language of cataloging | eng |
| 041 ## - LANGUAGE CODE | |
| Language code of text/sound track or separate title | eng |
| 082 00 - DEWEY DECIMAL CLASSIFICATION NUMBER | |
| Classification number | 305.31 |
| Edition number | 21 |
| Author mark and year | BEM 2002 |
| 100 1# - MAIN ENTRY--PERSONAL NAME | |
| Personal name | Beynon, John, |
| Dates associated with a name | 1943- |
| 9 (RLIN) | 105906 |
| 245 10 - TITLE STATEMENT | |
| Title | Masculinities and culture / |
| Statement of responsibility, etc. | John Beynon. |
| 260 ## - PUBLICATION, DISTRIBUTION, ETC. (IMPRINT) | |
| Place of publication, distribution, etc. | Phildelphia, Pa. : |
| Name of publisher, distributor, etc. | Open University, |
| Date of publication, distribution, etc. | 2002. |
| 300 ## - PHYSICAL DESCRIPTION | |
| Pagination | xiii, 191 p. ; |
| Size | 23 cm. |
| 504 ## - BIBLIOGRAPHY, ETC. NOTE | |
| Bibliography, etc | Includes bibliographical references and index. |
| 650 #0 - SUBJECT ADDED ENTRY--TOPICAL TERM | |
| Topical term or geographic name as entry element | Masculinity |
| General subdivision | Philosophy. |
| 9 (RLIN) | 105907 |
| Topical term or geographic name as entry element | Masculinity |
| General subdivision | Public opinion. |
| 9 (RLIN) | 105908 |
| Topical term or geographic name as entry element | Masculinity in popular culture. |
| 9 (RLIN) | 105909 |
| Topical term or geographic name as entry element | Sex role. |
| 9 (RLIN) | 105910 |
| 942 ## - ADDED ENTRY ELEMENTS (KOHA) | |
| Source of classification or shelving scheme | Dewey Decimal Classification |
| Koha item type | Books |
| Lost status | Source of classification or shelving scheme | Damaged status | Not for loan | Collection code | Permanent Location | Current Location | Shelving location | Date acquired | Source of acquisition | Cost, normal purchase price | Total Checkouts | Full call number | Date last seen | Copy number | Koha item type |
|---|---|---|---|---|---|---|---|---|---|---|---|---|---|---|---|
| Dewey Decimal Classification | Non-fiction | Central Library, University of Rajshahi | Central Library, University of Rajshahi | 15/05/2006 | Paragon Enterprise, Dhaka. | 17.99 | 305.31 BEM 2002 | 19/05/2014 | C-2 | Books | |||||
| Dewey Decimal Classification | Non-fiction | Central Library, University of Rajshahi | Central Library, University of Rajshahi | 15/05/2006 | Paragon Enterprise, Dhaka. | 17.99 | 305.31 BEM 2002 | 19/05/2014 | C-3 | Books | |||||
| Dewey Decimal Classification | Non-fiction | Central Library, University of Rajshahi | Central Library, University of Rajshahi | 15/05/2006 | Paragon Enterprise, Dhaka. | 17.99 | 305.31 BEM 2002 | 19/05/2014 | C-4 | Books | |||||
| Dewey Decimal Classification | Non-fiction | Central Library, University of Rajshahi | Central Library, University of Rajshahi | 04/05/2008 | Paragon Enterprise, Dhaka. | 18.99 | 305.31 BEM 2002 | 19/05/2014 | C-6 | Books | |||||
| Dewey Decimal Classification | Non-fiction | Central Library, University of Rajshahi | Central Library, University of Rajshahi | 04/05/2008 | Paragon Enterprise, Dhaka. | 18.99 | 305.31 BEM 2002 | 19/05/2014 | C-7 | Books | |||||
| Dewey Decimal Classification | Non-fiction | Central Library, University of Rajshahi | Central Library, University of Rajshahi | 04/05/2008 | Paragon Enterprise, Dhaka. | 18.99 | 305.31 BEM 2002 | 19/05/2014 | C-8 | Books | |||||
| Dewey Decimal Classification | Non-fiction | Central Library, University of Rajshahi | Central Library, University of Rajshahi | 04/05/2008 | Paragon Enterprise, Dhaka. | 18.99 | 305.31 BEM 2002 | 11/12/2016 | C-9 | Books |